<?xml version="1.0" encoding="UTF-8"?>
<record
    xmlns:xsi="http://www.w3.org/2001/XMLSchema-instance"
    xsi:schemaLocation="http://www.loc.gov/MARC21/slim http://www.loc.gov/standards/marcxml/schema/MARC21slim.xsd"
    xmlns="http://www.loc.gov/MARC21/slim">

  <leader>01103namaa2200229 i 4500</leader>
  <controlfield tag="001">174169</controlfield>
  <controlfield tag="003">ES-MaACL</controlfield>
  <controlfield tag="005">20250815105806.0</controlfield>
  <controlfield tag="008">100301s1923    sp |         |||| ||spa d</controlfield>
  <datafield tag="040" ind1=" " ind2=" ">
    <subfield code="a">SpMaBN </subfield>
    <subfield code="b">spa </subfield>
    <subfield code="c">SpMaBN </subfield>
    <subfield code="e">rdc</subfield>
  </datafield>
  <datafield tag="080" ind1=" " ind2=" ">
    <subfield code="a">56(460.33)"6152"</subfield>
  </datafield>
  <datafield tag="100" ind1="1" ind2=" ">
    <subfield code="a">Jim&#xE9;nez de Cisneros, Daniel.</subfield>
    <subfield code="9">142208</subfield>
  </datafield>
  <datafield tag="245" ind1="1" ind2="3">
    <subfield code="a">La fauna de los estratos de "Pygope Aspasia" Menegh. del Li&#xE1;sico Medio del Rinc&#xF3;n de Egea en el NW. de la provincia de Murcia / </subfield>
    <subfield code="c">por Daniel Jim&#xE9;nez de Cisneros.</subfield>
  </datafield>
  <datafield tag="260" ind1=" " ind2=" ">
    <subfield code="a">Madrid : </subfield>
    <subfield code="b">Junta para Ampliaci&#xF3;n de Estudios e Investigaciones Cient&#xED;ficas,</subfield>
    <subfield code="c">1923 (</subfield>
    <subfield code="f">Jim&#xE9;nez y Molina Imp.)</subfield>
  </datafield>
  <datafield tag="300" ind1=" " ind2=" ">
    <subfield code="a">55 p., VI h. de l&#xE1;m. : </subfield>
    <subfield code="b">il. ; </subfield>
    <subfield code="c">23 cm.</subfield>
  </datafield>
  <datafield tag="490" ind1="1" ind2=" ">
    <subfield code="a">Trabajos del Museo Nacional de Ciencias Naturales. Serie geol&#xF3;gica ;</subfield>
    <subfield code="v">30</subfield>
  </datafield>
  <datafield tag="650" ind1=" " ind2="4">
    <subfield code="a">Paleontolog&#xED;a-</subfield>
    <subfield code="z">Murcia (Comunidad Aut&#xF3;noma)</subfield>
    <subfield code="9">142260</subfield>
  </datafield>
  <datafield tag="710" ind1="2" ind2=" ">
    <subfield code="a">Junta para la Ampliaci&#xF3;n de Estudios e Investigaciones Cient&#xED;ficas.</subfield>
    <subfield code="9">5413</subfield>
  </datafield>
  <datafield tag="830" ind1="0" ind2="0">
    <subfield code="a">Trabajos del Museo Nacional de Ciencias Naturales. </subfield>
    <subfield code="p">Serie geol&#xF3;gica</subfield>
    <subfield code="v">30</subfield>
    <subfield code="9">189286</subfield>
  </datafield>
  <datafield tag="852" ind1=" " ind2=" ">
    <subfield code="a">ES-MaACL</subfield>
    <subfield code="j">B-13131(1)</subfield>
  </datafield>
  <datafield tag="999" ind1=" " ind2=" ">
    <subfield code="c">174169</subfield>
    <subfield code="d">174169</subfield>
  </datafield>
  <datafield tag="952" ind1=" " ind2=" ">
    <subfield code="0">0</subfield>
    <subfield code="1">0</subfield>
    <subfield code="4">0</subfield>
    <subfield code="7">0</subfield>
    <subfield code="a">ATENEOM</subfield>
    <subfield code="b">ATENEOM</subfield>
    <subfield code="c">SPB</subfield>
    <subfield code="d">2010-03-01</subfield>
    <subfield code="e">SC</subfield>
    <subfield code="l">0</subfield>
    <subfield code="o">B-13131(1)</subfield>
    <subfield code="p">1182820</subfield>
    <subfield code="r">2023-02-23 00:00:00</subfield>
    <subfield code="w">2023-02-23</subfield>
    <subfield code="y">MONOGRAFIA</subfield>
  </datafield>
</record>
